[Event "BRA-ch 78th"]
[Site "Campinas"]
[Date "2011.12.20"]
[Round "11"]
[White "Jatoba de Oliveira Reis, Paulo Fernando"]
[Black "Fier, Alexandr"]
[Result "0-1"]
[WhiteElo "2438"]
[BlackElo "2573"]
[Annotator "Fier,A"]
[PlyCount "102"]
[EventDate "2011.12.10"]
[EventType "tourn"]
[EventRounds "11"]
[EventCountry "BRA"]
[EventCategory "10"]
[SourceTitle "CBM 145 Extra"]
[Source "ChessBase"]
[SourceDate "2012.01.03"]
[SourceVersion "1"]
[SourceVersionDate "2012.01.03"]
[SourceQuality "1"]

1. c4 c6 2. g3 d5 3. Nf3 Nf6 4. Bg2 dxc4 5. O-O Nbd7 6. Na3 ({I think it's
more dangerous for Black to include a4 and a5... The knight on b6 can be
vulnerable and the black pawn on a5 falls in some variations.} 6. Qc2 Nb6 7. a4
a5 8. Na3 Be6 9. Ng5 Bg4 10. Nxc4 Bxe2 11. Ne5 Bh5 12. b4) 6... Nb6 7. Qc2 Be6
8. Ng5 Bg4 9. f3 $6 (9. Nxc4 {this is critical, and if you are not expecting
it a difficult move to meet. White sacrifices an important pawn in order to
create some pressure on the e-file and in f7 with both knights since Black
still has some problems to finish his development.} Bxe2 10. Ne5 Bh5 11. Re1
$13) 9... Bh5 10. Nxc4 Qd4+ 11. Ne3 h6 12. Nh3 Bg6 13. Qc3 e5 {Here I think
Black is slightly better already. The white pieces are not in harmony and I'm
ready to castle queenside and exert some pressure in the centre.} 14. b3 (14.
Qxd4 exd4 15. Ng4 Nxg4 16. fxg4 {was possible to open White's position
slightly, but it is not easy to play Ng4... Normally people are a bit afraid
to double pawns in the wings... In any case, Black has no reason to worry!})
14... O-O-O (14... Bc5 15. Bb2 Qxc3 16. Bxc3 Nbd5 17. Bxe5 O-O) 15. Qxd4 exd4
16. Nc4 Re8 (16... Nxc4 {this was my first idea, but I could not find the
perfect place to develop my bishop after the exchange... Keeping the knights
for some more moves at least kept my opponent thinking about it for a few more
minutes! If he takes on b6, he won't be able to make use of the b-file which
looks a bit more important than the c-file.} 17. bxc4 Bd6 (17... Bb4 {was
tempting to keep one eye on e1 when I threaten the e2-pawn... but with this
White has another resource to defend it.} 18. a3 Ba5 19. d3 Rhe8 20. Ra2 {
and now this square is available for the rook...}) 18. d3 Rhe8 19. Kf2 $11) 17.
Nf4 (17. Nxb6+ axb6 18. Nf4 Bh7 {is another option.}) 17... Bh7 18. Kf2 g5 19.
Bh3+ $6 {I don't like this move... it's interesting if I take the knight on d3,
but otherwise the bishop can be a target in the event of g4 or even if I play
h4 to open the file ...Nd3 was more natural.} Kc7 20. Nd3 Nxc4 21. bxc4 h5 (
21... Bxd3 $5 {this was a really difficult desicion to make! I was wondering
if I was winning in this position already! but after some moves} 22. exd3 c5
23. Bb2 Bd6 24. Rae1 Rxe1 25. Rxe1 Re8 26. Rxe8 Nxe8 27. Bf5 b6 {is the 'dead'
bishop enough to make Black's advantage decisive? If it isn't, to take on d3
is a huge mistake, because if I keep the pieces I have some advantage... my
idea is to drum up some pressure on the black squares to force him to exchange
the live bishop for my knight... after it I can sacrifice my bishop for two
pawns and win the endgame... I think the position is a bit too closed to make
it work... but who knows for sure?}) 22. Bb2 c5 (22... Bxd3 23. exd3 c5 24.
Rae1 Rxe1 25. Rxe1 Bd6) 23. Nc1 {Regrouping the pieces.} Bh6 (23... h4 $5 {
could be better, to use the bishop on the h2-b8 diagonal... I thought e3 was
more important} 24. Bg2 (24. e3 dxe3+ 25. dxe3 Bg7 $1 {and he has no way to
defend the bishop!} 26. Kg2 g4 27. fxg4 Be4+ 28. Kg1 hxg3 29. Bg2 Bxg2 30. Kxg2
Rxh2+ 31. Kxg3 Rxb2 {is totally winning for Black}) 24... Nd7 25. a4 Bd6 {
with some pressure.}) 24. Bg2 Re6 25. Nb3 b6 26. d3 Rhe8 27. Rfe1 {After some
moves both players rearranged the pieces to better positions and White's
position still remains passive. My idea was to use the knight to make some
threats... I just forgot a small detail...} Nd7 28. Rad1 Ne5 {Threatening ...
Bxd3.} 29. Bf1 Nc6 {Threatening Nb4-c2.} 30. a3 Ne7 $2 {Going to f5-e3 but...}
31. Bc1 (31. e3 $1 {I totally forgot about this! The check is not dangerous
for White and without the pawn on e2, White is free! Of course there is still
a lot of play for both, but I lost almost all the advantage... Fortunately I
was a bit lucky and my opponent overlooked this idea too.} dxe3+ 32. Rxe3 Rxe3
33. Kxe3 Nc6+ 34. Kf2 Rd8 {and I have a small advantage... but not too much.})
31... Nf5 32. Bh3 g4 $1 {Sacrificing a pawn to use the black squares and set
up a nice blockade!} 33. fxg4 Ne3 34. Bxe3 Bxe3+ 35. Kg2 Bg5 36. Kf1 h4 {
the position is not easy, and finally my opponent lost patience...} 37. Nd2 $2
(37. Bg2 f5 $1 {opening files to attack!} (37... Re3 38. Bf3) 38. gxf5 (38. Bf3
{[%emt 0:00:00]} fxg4 39. Bxg4 Re3 {is good for Black anyway.}) 38... Bxf5 39.
Nd2 hxg3 40. hxg3 Rf6 41. Nf3 Be3 {and there is nothing White can do about
rooks coming to the g-file!}) 37... Rxe2 {Ok, this was not hard to see, but
the next idea was the point...} 38. Ne4 (38. Rxe2 Bxd3 39. Ne4 Bxe2+ 40. Kxe2
Rxe4+ $19) (38. Nf3 Rxe1+ 39. Nxe1 Re3 40. Kf2 Be7 41. Bg2 hxg3+ 42. hxg3 Bd6
43. Bf3 Kd7) 38... Rxh2 $1 {Going straight to a winning endgame.} 39. Nxg5 Rh1+
40. Kg2 Rhxe1 41. Rxe1 Rxe1 42. Nxh7 Re2+ $1 {The last finesse, now the bishop
on h3 will be hanging after ...Re3 and all the pawns are going to fall!} 43.
Kh1 hxg3 44. Kg1 Rh2 45. Ng5 f6 46. Ne6+ Kd6 47. Nf4 Ra2 48. Bf1 Rxa3 49. Kg2
Ra1 50. Be2 a5 51. Nd5 Ra2 0-1

[Event "Prague Masters 2nd"]
[Site "Prague"]
[Date "2020.02.21"]
[Round "7"]
[White "Duda, Jan Krzysztof"]
[Black "Firouzja, Alireza"]
[Result "0-1"]
[WhiteElo "2755"]
[BlackElo "2726"]
[Annotator "Firouzja,A"]
[PlyCount "78"]
[EventDate "2020.02.12"]
[EventType "tourn"]
[EventRounds "9"]
[EventCountry "CZE"]
[EventCategory "19"]
[SourceTitle "CBM 195"]
[Source "ChessBase"]
[SourceDate "2020.04.30"]
[SourceVersion "1"]
[SourceVersionDate "2020.04.30"]
[SourceQuality "1"]

{[%evp 0,78,20,-6,49,49,49,53,53,53,41,23,29,23,23,-10,3,-11,-26,-65,-54,-126,
-114,-91,-98,-106,-113,-106,-106,-107,-101,-103,-130,-109,-123,-96,-100,-122,
-84,-121,-83,-98,-108,-143,-100,-139,-108,-133,-106,-133,-71,-86,-100,-143,
-129,-127,-106,-120,-117,-120,-122,-112,-184,-125,-78,-98,-98,-98,-9,-112,-102,
-273,-299,-488,-506,-674,-716,-761,-749,-759,-779]} 1. c4 c6 {I also played
the Slav Defence against Vidit in round 5, so I don't think it was a big
surprise to my opponent.} 2. Nf3 d5 3. e3 {Luckily I was familiar with this
setup as I played some games in rapid and blitz previously.} Nf6 4. Nc3 e6 5.
b3 (5. d4 {transposes to the Meran system.}) 5... Bd6 6. Bb2 O-O {Normal until
here.} 7. Qc2 $6 {This is a typical move for the line, but not in this positon
because I can get ...e5! very fast.} (7. Be2) (7. d4) 7... e5 $1 8. Be2 $5 {
An interesting choice, not going for the normal line appearing after cxd5 and
Nb5!} (8. cxd5 cxd5 9. Nb5 Nc6 10. Nxd6 Qxd6 11. d4 Nb4 12. Qd1 e4 13. Ne5 Ne8
$13 {Still I prefer Black's position.}) 8... e4 $1 {It was important to not
waste time on moves like Nbd7 or a6.} 9. Ng5 (9. Nd4 a6 {Probably he was
scared of this move but...} 10. g4 $1 c5 11. Nf5 d4 12. Nxe4 Nxe4 13. Qxe4 Re8
14. Qg2 Be5 $13 {and a very complicated position, but I am sure he
underestimated the 10.g4! move.}) 9... h6 10. h4 {An interesting way to
complicate things on the kingside, but I don't have any reason to open things
up too early.} Re8 $1 {His knight is doing nothing on g5.} (10... hxg5 11. hxg5
Ng4 12. cxd5 Qxg5 13. Nxe4 $18 {with a crushing attack for White.}) 11. Nh3 {
Of course he had to go back at some point.} Na6 12. a3 dxc4 $1 {Now I get a
very stable advantage.} 13. Bxc4 b5 $1 14. Be2 b4 $1 15. Nd1 bxa3 16. Bxa3 Nb4
17. Bxb4 Bxb4 $17 {It's clear that Black is much better, but still the game is
not finished and I have just a symbolic advantage.} 18. g3 Ng4 (18... Bxh3 19.
Rxh3 Qd7 20. Rh1 Rad8 $17 {was also possible, but I thought it was better to
keep the bishop pair advantage as long as possible.}) 19. Ra2 Qf6 20. Kf1 $1 {
Now he is close to reach the postion that he wanted, so I should be fast here.}
Bf5 21. Kg2 Rad8 22. Nc3 a5 $1 {Making things more stable on the queenside.}
23. Nf4 Qe5 24. Rc1 Rd6 (24... g5 {was always tempting, but I thought I could
prepare more for this move!}) 25. Qd1 Nf6 26. h5 Red8 27. Nb1 g5 $1 {Now that
all of my pieces are in the perfect places, it's time to go for the crush!} 28.
hxg6 fxg6 29. Qh1 {Desperately trying to get some counterplay.} Kg7 30. Na3 $1
{Now I have to give away one of my two bishops.} Bxa3 31. Rxa3 g5 32. Nh5+ Nxh5
33. Bxh5 Rxd2 34. Rxc6 {This was a very important moment. I was left with 2 or
3 minutes on the clock and had to find the knockout move.} Bd7 $3 {I was very
proud that I managed to find this, especially with almost no time on the clock.
} (34... Qb2 35. Be2 $3 {Suddenly everything changes!} Rxe2 36. Qxh6+ Kf7 37.
Rc7+ $13) (34... Rxf2+ 35. Kxf2 Rf8 36. Qa1 $1) 35. Rg6+ Kh7 {Now ...Rf8 or ...
Rxf2+ followed by ...Rf8+ check will be too strong.} 36. Qc1 (36. Ra6 Rxf2+ 37.
Kxf2 Rf8+ 38. Kg1 Qxg3+ 39. Qg2 Qxe3+ 40. Kh1 Qe1+ 41. Kh2 Rf4 $19) 36... Be8
$1 37. Rxa5 Qxa5 38. Qc4 Rxf2+ 39. Kxf2 Qf5+ {A very interesting game from
start to finish!} 0-1

[Event "Gibraltar Masters 11th"]
[Site "Caleta"]
[Date "2013.01.31"]
[Round "10"]
[White "Gordon, Stephen J"]
[Black "Fridman, Daniel"]
[Result "0-1"]
[WhiteElo "2533"]
[BlackElo "2667"]
[Annotator "Fridman,D"]
[PlyCount "80"]
[EventDate "2013.01.22"]
[EventType "swiss"]
[EventRounds "10"]
[EventCountry "GGB"]
[SourceTitle "CBM 153"]
[Source "ChessBase"]
[SourceDate "2013.03.14"]
[SourceVersion "1"]
[SourceVersionDate "2013.03.14"]
[SourceQuality "1"]

{Diese Partie wurde in der letzten Runde gespielt. Beide Spielr benötigten ein
Sieg für eine gute Platzierung.} 1. c4 c6 2. Nf3 d5 3. e3 Nf6 4. Nc3 e6 5. b3
Bd6 6. Bb2 O-O 7. h3 Nbd7 (7... e5 8. cxd5 cxd5 9. Nb5 Nc6 10. Nxd6 Qxd6 11.
Bb5 Re8 {Ich wollte mein schwarzfeldrigen Läufer nicht so einfach gegen den
Springer tauschen.}) 8. Qc2 {Eine interessante Aufbau. Es sieht Antimeran
änlich, mit der Unterschied, dass ohne Bauer auf d4, kann Weiß versuchen mit
g4 direkt anzugreifen.} Qe7 9. g4 Ba3 {Schwarz versucht sofort ein mögliche
Angriff auf Punkt g7 zu unterbinden. Gefährliche Läufer auf b2 wird getauscht
und lange Rochade ist danach keine wirkliche Option für Weiß. Dafür verliert
Schwarz Tempi und die Dame steht etwas abseits.} (9... Ne5 10. Nxe5 Bxe5 11. g5
Nd7 12. f4 Bd6 13. h4 {Heberla - van Beek, Plovdiv 2008}) (9... a6 10. g5 Ne8
11. h4 Nc7 12. Bd3 f5 {Kozul - Hillarp Persson, Khanty-Mansiysk 2010}) (9... b6
10. g5 Ne8 11. O-O-O Bb7 12. Bd3 g6 13. h4 {Agrest - Smeets, SWE-chT 2010}) 10.
Bxa3 Qxa3 11. Bg2 $146 (11. g5 Nh5) 11... Rb8 $6 {Mit der Idee irgendwann b5
zu spielen. Leider geht es nicht in der nähere Zukunft. Logischer war z.B. die
Dame zurück zu bringen.} (11... Qe7 12. O-O b6 {mit unklarem Spiel.}) 12. Nd4 (
12. O-O h6 {nützliche profilaktische Zug.} (12... b6 13. g5 Ne8 14. cxd5 exd5
15. Nd4 Bb7 16. Nce2 Rc8 17. Nf5) (12... b5 $2 13. g5 Nh5 (13... Ne8 14. cxd5
cxd5 15. Nxb5) 14. cxd5 cxd5 15. Nd4 a6 16. Bf3 g6 17. Bxh5 gxh5 18. Qd1 $16)
13. Rab1 Qe7) 12... Nb6 (12... e5 13. Nde2 (13. Nf5 dxc4 14. g5 Ne8 15. bxc4
Nc5 16. Ne7+ Kh8 17. Nxc8 Rxc8) 13... dxc4 14. bxc4 Rd8 15. O-O Nb6 16. d3 h5
17. g5 Nh7 18. h4 Nf8) 13. Rc1 Rd8 (13... dxc4 14. bxc4 Qe7 (14... Nxc4 $4 15.
Nb1) 15. Nce2) 14. f4 Qb4 {Schwarz versucht Weiß zu zwingen auf d5 zu nehmen,
damit man mehr Raum für Figuren hat, übersieht dabei c5!} 15. c5 Nbd7 (15...
Qxc5 $6 16. Nxd5 Nfd7 17. Nf6+ $1 gxf6 18. Qxc5 Nxc5 19. Rxc5 $14) 16. Nce2 e5
$5 {Eine riskante, aber zweischneidige fortsetzung, ganz im Sinne der letzten
Runde.} (16... Ne8 17. Qc3 Qxc3 18. Rxc3 e5) 17. fxe5 (17. Nf5 $5 exf4 18. Nxf4
Ne5 19. Ne7+ Kf8 (19... Kh8 20. O-O Re8 21. g5 Ng8 22. Nxc8 Rbxc8 23. h4 $14)
20. Nxc8 Rbxc8 21. O-O Re8 22. Ne2 $14) 17... Nxe5 18. O-O b6 19. cxb6 (19. g5
Ne4 $1 (19... Nfd7 20. Nf5 bxc5 21. Ne7+ Kf8 (21... Kh8 22. Rf4 Qa5 23. Qxh7+
Kxh7 24. Rh4#) 22. Nxc8 Rbxc8 23. d4 cxd4 24. exd4 Ng6 25. Qf5 $44) 20. Bxe4
dxe4 21. Qxe4 Re8 22. Nf4 Ba6 23. a3 Qxd2 24. Rfd1 Qa2 25. Ra1 Qb2 26. Rab1 Qc3
27. Rbc1 $11) 19... axb6 (19... Rxb6 $142) 20. Rxf6 $5 {Positionelle Opfer.
Ein andere Zug war aber viel stärker.} (20. Rf4 $1 {Diesen starken Zug haben
wir im kommenden Zeitnot beide überehen.} Qa5 21. b4 Qa7 22. Nxc6 Nxc6 23. Qxc6
Be6 24. Qc3 $14) 20... gxf6 {Jetzt geht es scharf zur Sache.} 21. Nf4 (21. Ng3
$5) 21... c5 22. a3 (22. Nh5 cxd4 23. Nxf6+ Kg7 24. Qc7 $8 Qxd2 $8 25. Nh5+ Kg6
26. Qxd8 Qxe3+ 27. Kh2 Bxg4 28. Qxb8 Bxh3 29. Ng3 Ng4+ 30. Kxh3 Nf2+ 31. Kh2
Ng4+ $11 {Eine fantasievolle Variante mit Dauerschach am Ende, die füe einen
Mensch kaum zu berechnen ist.}) 22... Qxa3 23. Nb5 Qa5 24. Nc7 Bb7 (24... d4
25. Ncd5 Rd6 26. Nh5 Ng6 27. b4 $40) 25. Nh5 (25. Ncxd5 $5 Rd6 (25... Bxd5 26.
Nxd5 Rxd5 27. Bxd5 Rd8 28. e4 h5 $1 (28... Qxd2 $2 29. Qxd2 Nf3+ 30. Kf2 Nxd2
31. Ke3 $18) 29. gxh5 Kh7 $13) 26. b4 Qa3 27. bxc5 bxc5 28. Rb1 Qa7 $13) 25...
Rd6 26. Rf1 (26. d4 $5 Ng6 (26... Nd7 27. Qf2 Kh8 28. Qf4 Rc6 (28... Qd2 29.
Rf1) 29. Nxd5 Qd2 30. Rf1 Re6 (30... cxd4 31. Be4 Rc1)) 27. Bxd5 (27. Qf2 cxd4
28. exd4 Kh8) 27... Rc8 28. Bxb7 Rxc7 {Zu viele Möglichkeiten und zu wenig
Zeit.}) 26... Nd7 27. Qf5 Qb4 {Nimmt Feld f4 unter Kontrolle und gleichzetig
verteidigt Turm auf d6.} (27... Qxd2 $1 28. Qf4 d4 29. Bxb7 Qxe3+ 30. Qxe3 dxe3
31. Be4 Rd4 $15) 28. d4 (28. Rf2) (28. Nb5 $1 Re6 $8 29. Nxf6+ Rxf6 30. Qxd7
Rxf1+ 31. Bxf1 Qxd2 32. Qe7 d4 33. Qg5+ Kf8 34. Qh6+ {mit Dauerschach.}) 28...
cxd4 29. Qf4 Kh8 30. Nb5 Qxb5 31. Qxd6 dxe3 32. Nxf6 $138 {Ubersieht starke
Antwort.} (32. Rc1 $1 {Nimmt Feld c5 unter Kontrolle. In so einer
Rechenstellung in Zeitnot aber kaum zu finden. Man rechnet in ertser Linie
forcierte Variante.} e2 33. Nxf6 Qc5+ 34. Rxc5 e1=Q+ 35. Kh2 Re8 36. Nxe8 bxc5
37. Qxd7 Qe5+ $11) 32... Qc5 $1 {Erzwingt Damentausch.} 33. Qxc5 Nxc5 34. Nxd5
Re8 35. Re1 $2 $138 (35. Nf4 $8 {Durch diesen Zug behält Weiß immer noch gute
Chancen die Stellung mit minus Bauer zu halten.} Bxg2 36. Kxg2 e2 (36... Nxb3
37. Ne2 Kg7 38. Rb1 Nd2 39. Rxb6) 37. Re1 Re4 (37... Nxb3 38. Rxe2 Rxe2+ 39.
Nxe2) 38. Nxe2 Re3 (38... Nd3 39. Kf3 Rxg4 40. Kxg4 Nxe1 41. Kf5) 39. Kf2 Rxh3
40. Nd4 Kg7) 35... Bxd5 36. Bxd5 Nd3 {Jetzt ist alles aus.} 37. Bxf7 Re7 38.
Re2 Nf4 39. Bc4 (39. Re1 b5 $1) 39... Nxe2+ 40. Bxe2 Rf7 0-1

[Event "Biel"]
[Site "Biel"]
[Date "1995.??.??"]
[Round "7"]
[White "Hodgson, Julian M"]
[Black "Gelfand, Boris"]
[Result "1/2-1/2"]
[WhiteElo "2590"]
[BlackElo "2685"]
[Annotator "Gelfand,B"]
[PlyCount "65"]
[EventDate "1995.07.??"]
[EventType "tourn"]
[EventRounds "13"]
[EventCountry "SUI"]
[EventCategory "15"]
[SourceTitle "CBM 049"]
[Source "ChessBase"]
[SourceDate "1995.12.01"]
[SourceVersion "1"]
[SourceVersionDate "1995.12.01"]
[SourceQuality "1"]

1. c4 Nf6 2. g3 c6 3. Bg2 d5 4. b3 g6 5. Bb2 Bg7 6. Nf3 O-O 7. O-O Bg4 8. d3
Nbd7 9. Nbd2 Re8 10. d4 (10. h3 Bxf3 11. Nxf3 e5 $14) 10... Qb6 $146 (10...
Bxf3 11. Nxf3 e6 $14 {Larsen-Smyslov,88}) 11. Ne5 $5 Nxe5 (11... Bf5 $5 12.
Ndf3 Be4 13. Ng5 Bxg2 14. Kxg2 Rf8 $10) 12. dxe5 Nd7 13. cxd5 cxd5 14. Bxd5 (
14. h3 Be6 (14... Bf5 15. g4 Be6) 15. Nf3 Rac8 (15... Rec8 $5) 16. Qd2) 14...
Nxe5 15. Bxe5 Bxe5 16. Nc4 Qc7 $1 (16... Qf6 17. Bxf7+ $3 Kxf7 18. Qd5+ Kg7 19.
Qxe5 (19. Nxe5 $5) 19... Qxe5 20. Nxe5 Bxe2 21. Rfe1 $14) (16... Qd4 17. Qxd4
Bxd4 18. Rad1 Bf6 (18... Bc5 19. Bxb7 (19. Bxf7+ Kxf7 20. Ne5+ Ke6 21. Nxg4 h5
22. Ne3 Bxe3 23. fxe3 $14) 19... Bxe2 20. Bxa8 Rxa8 21. Rd7 Bxf1 22. Kxf1 $14)
(18... Bxe2 $2 19. Rxd4 Rad8 20. Re1 (20. Ne5 e6 21. Re1 Rxd5 22. Rxd5 exd5 23.
Rxe2 f6) 20... Bxc4 (20... Bf3 21. Bxf3 Rxd4 22. Bxb7 $18) 21. bxc4 e6 22. Rde4
$18) (18... e5 19. Rd2 Re7 20. e3 Bc5 21. a3 (21. Rc1 e4 $1 (21... Bb4 22. Rdc2
Rd8 23. e4 b6 24. a3 Bc5 25. Kg2 $14)) 21... a5 22. Rb1 $1 Bh3 23. f3 (23. Bg2
$6 Bxg2 24. Kxg2 b5 $10) 23... Be6 24. Kf2 Rd8 25. Rbd1 b5 (25... Red7 26. Bxe6
Rxd2+ 27. Rxd2 Rxd2+ 28. Nxd2 fxe6 29. Nc4 $16) 26. Nxe5) 19. Bxb7 (19. f3 Bh3)
19... Bxe2 20. Bxa8 Rxa8 21. Rd7 Bxf1 22. Kxf1 $14) 17. Rc1 Rad8 $1 (17... Bh3
18. f4 $1 (18. Bxf7+ Kxf7 19. Qd5+ Kf6 20. f4 Bd6 (20... Bxf1 21. Nxe5 Qb6+ 22.
Kxf1 $13) 21. Ne5 Qb6+ 22. Rf2 Be6 $17) 18... Bg7 19. Bxf7+ Kxf7 20. Ne5+ Bxe5
21. fxe5+ $18) 18. Ne3 (18. Qd2 e6 19. Ne3 Qe7 20. Nxg4 Rxd5 $10) 18... Qd7 (
18... Qa5 $6 19. b4 (19. Nxg4 Rxd5 20. Qc2 Rd2) 19... Qxb4 20. Nxg4 (20. Rc4 $1
Qb6 (20... Qb5 21. Rxg4 e6 22. Qb3) (20... Qa5 21. Qb3 $1 {D.Atlas} (21. Rxg4
e6) 21... Rxd5 (21... Bxe2 22. Bxf7+ Kg7 23. Bxe8 Rxe8 24. Ra4) (21... Bh3 22.
Ra4 Qc5 (22... Qb6 23. Rb4) 23. Bxf7+ Kh8 24. Bxe8 Bxf1 25. Qf7 $1 $18) 22.
Nxd5 Bxe2 23. Re4 $1 Bxf1 24. Rxe5 Qa6 25. Nxe7+ $18) 21. Nxg4 (21. Rxg4 e6 22.
Ra4 $10 {/=/+}) 21... e6 22. Re4 $1 (22. Nxe5 exd5 23. Nxf7 dxc4 24. Nxd8 Rxd8
$17) 22... Bg7 (22... Rxd5 23. Qa4) 23. Qa4 f5 24. Rb4 $1 Qa6 (24... Qc5 25.
Bb3 fxg4 26. Rxb7 $18) 25. Qxa6 bxa6 26. Bc6 $18) (20. Rb1 Qa5) 20... Qxg4 21.
Qb3 $10) 19. Qc2 $1 Be6 (19... Bh3 20. Rfd1) (19... Bf5 20. Qc4 e6 21. Bg2) 20.
Bxe6 (20. Rfd1 Bxd5 21. Rxd5 Qe6 22. Rxd8 Rxd8 23. Qe4 b6) 20... Qxe6 21. Qe4
b6 (21... Bd4 22. Qxe6 fxe6 23. Ng2 $5 $14 {/\Rc2,Rfc1,e3,Kf1-e2} (23. Rc7 Bxe3
24. fxe3 Rd2 25. a4 Rxe2 26. Rxb7 Rxe3 27. a5 Rf8) 23... Rc8 24. Rfd1 Bb2 25.
Rxc8 Rxc8 26. Ne3 $14) 22. Rc6 (22. Nc4 Rd5 23. Rfd1 Red8 (23... Rc5 24. b4)
24. Rxd5 Rxd5 25. Ne3 Rd4 $5 26. Qa8+ Kg7 27. Qxa7 Rd2 $132) 22... Qd7 23. Rd1
Bd4 24. Kg2 (24. Rc4 e5 25. Ng4 Kg7 $1 (25... Qe7 $5 26. Rc6 (26. Qc2 Bc5)
26... f5 27. Nf6+ Kh8) 26. e3 Qf5 $1 (26... f5 27. Nxe5 $18) 27. Qxf5 gxf5 28.
exd4 fxg4 29. d5 h5 $14) (24. g4 $5 Kh8 (24... e6 25. g5 Qb7 26. Ng4 Bg7 27.
Rxd8 Rxd8 28. Rxe6 $18) (24... e5 $140 25. g5 Qe7 26. Ng4 Qxg5 27. h4 Bxf2+ 28.
Kxf2 Qxh4+ 29. Kg2 Rxd1 30. Nf6+ $18) 25. Kh1 e5 26. g5 Qb7 (26... Qe7 $5)) (
24. a4 $5 {/\b4-b5,Hodgson} f5 25. Qc2 e5 26. Rc7 Qe6 27. Rxa7 Rc8 $44) 24...
f5 25. Qc2 b5 $1 (25... e5 26. Rc7 Qe6 27. Rxa7 $14) 26. a4 (26. b4 $5 Rc8 $140
27. Rxc8 Rxc8 28. Qb3+ Kh8 29. f3) 26... Qb7 (26... a6 27. b4 $5) 27. axb5 Qxb5
28. Qc4+ Qxc4 29. Nxc4 Bf6 30. Rxd8 Rxd8 31. Ra6 (31. Rc7 $5 Rb8 32. Na5 a6 33.
Rc6 Ra8) 31... Rd7 32. e3 Bc3 33. Kf3 1/2-1/2